000 01321cam a2200241 4500
001 ABS67781
008 040426n2004 000 0 eng u
035 _a(Sirsi) u126005
100 _aDewar, D.
245 _aWhere will all the waste go?
260 _c2004
490 _aPlanning (for the Natural and Built Environment)
_v(1563) 2 April 2004, 9(1)
520 _aReviews a recent report "Can the waste planning system deliver?" (J125595) commissioned by RICS and the South East England Regional Assembly which examines whether the planning system is capable of delivering the required waste management structure in England and Wales. The findings show that at present the planning system is not providing enough new capacity to cope with projected increases in waste generation. Table shows number of waste facilities and area required by 2015 in Berkshire, Kent, Buckinghamshire, Milton Keynes, Hampshire, Isle of Wight, East Sussex, Oxfordshire, Surrey, and West Sussex.
590 _aABS
590 _aABS
650 _aWASTE PLANNING
650 _aPLANNING SYSTEM
650 _aDEVELOPMENT CONTROL
650 _aLANDFILL
690 _aWASTE MANAGEMENT
856 _uhttps://www.rics.org/RICSWEB/getpage.aspx?p=SNMRYXDANEOhTuVQa8BO0A
_zView the "can the waste planning system deliver"
942 _n0
999 _c117248
_d117248